| 000 | 00425nam a2200181Ia 4500 | ||
|---|---|---|---|
| 008 | 220531s9999 xx 000 0 und d | ||
| 041 | _aeng | ||
| 082 |
_a301.954 _bMAN |
||
| 100 |
_aMandelbaum, D. G. _964999 |
||
| 245 | _aSocity In India | ||
| 250 | _a1ST | ||
| 260 |
_aBombay _bFree press _c1972 |
||
| 300 | _a665+ | ||
| 542 | _d03-05-2011 | ||
| 650 |
_aSociology _965000 |
||
| 906 | _d2011-2012 | ||
| 999 |
_c36827 _d36827 |
||